| 000 | 01283nam a2200253 a 4500 | ||
|---|---|---|---|
| 001 | BRCA_7629 | ||
| 005 | 20190320205923.0 | ||
| 008 | 090713m19531955sp-a######---#000-0#spa-# | ||
| 041 | _aspa | ||
| 044 | _asp | ||
| 050 | 4 |
_aZ8158 _b.P53 1953 |
|
| 100 | 1 |
_aPlaza Escudero, Luis María _918820 |
|
| 245 | 1 | 0 |
_aCatálogo de la colección Cervantina Sedó _credactado por Luis María Plaza Escudero ; editado por José Porter. |
| 260 |
_aBarcelona _bBiblioteca Cervantina _c1953-1955 |
||
| 300 |
_a3 v. _bil. _c25 cm. _e1 guía y suplemento |
||
| 500 | _aIncluye guía del lector y resumen estadístico con últimas adiciones. Registra la ficha bibliográfica de la Biblioteca Cervantina del Lic. Carlos Prieto (v.3, p. 205) | ||
| 500 | _aT42 | ||
| 505 | 0 | _av.1 Guía del lector, resumen estadístico de la edición del Quijote, adiciones últimas.-- v.2 Obras de Cervantes (excepto don Quijote), obras de Cervantes completas y selectas, obras de inspiración cervantina, novelística, caballeresca y sentimental.-- v.3 Crítica cervantina, catálogos, conmemoraciones, índices. | |
| 600 | 1 | 4 |
_aCervantes Saavedra, Miguel de _d1547-1616 _vBibliografía _97606 |
| 700 | 1 |
_aSedó Peris-Mencheta, Juan _918821 |
|
| 700 | 1 |
_aPorter, José _eed. _918822 |
|
| 902 | _aGFM | ||
| 942 |
_2lcc _cB |
||
| 999 |
_c7303 _d7303 |
||